<?xml version="1.0" encoding="UTF-8"?>
<record
    xmlns:xsi="http://www.w3.org/2001/XMLSchema-instance"
    xsi:schemaLocation="http://www.loc.gov/MARC21/slim http://www.loc.gov/standards/marcxml/schema/MARC21slim.xsd"
    xmlns="http://www.loc.gov/MARC21/slim">

  <leader>01902nam a2200253Ia 4500</leader>
  <controlfield tag="005">20231102150714.0</controlfield>
  <controlfield tag="008">120622s2001    mx     fr     000 0 spa d</controlfield>
  <datafield tag="020" ind1=" " ind2=" ">
    <subfield code="a">9789686136647 </subfield>
  </datafield>
  <datafield tag="020" ind1=" " ind2=" ">
    <subfield code="a">9686136649</subfield>
  </datafield>
  <datafield tag="082" ind1=" " ind2=" ">
    <subfield code="a">335.41</subfield>
    <subfield code="b">N692e 2008</subfield>
  </datafield>
  <datafield tag="100" ind1="1" ind2=" ">
    <subfield code="9">10264</subfield>
    <subfield code="a">Nikitin, P.</subfield>
    <subfield code="e">autor</subfield>
  </datafield>
  <datafield tag="245" ind1="1" ind2="0">
    <subfield code="a">Econom&#xED;a pol&#xED;tica</subfield>
    <subfield code="b"> : manual de divulgaci&#xF3;n </subfield>
    <subfield code="c"> /  P. Nikitin ; versi&#xF3;n espa&#xF1;ola de Domingo Arteaga</subfield>
  </datafield>
  <datafield tag="260" ind1=" " ind2="3">
    <subfield code="a">M&#xE9;xico</subfield>
    <subfield code="b"> : Ediciones Quinto Sol</subfield>
    <subfield code="c"> , 2001</subfield>
  </datafield>
  <datafield tag="300" ind1=" " ind2=" ">
    <subfield code="a">314 p&#xE1;ginas</subfield>
  </datafield>
  <datafield tag="336" ind1=" " ind2=" ">
    <subfield code="a">texto</subfield>
  </datafield>
  <datafield tag="337" ind1=" " ind2=" ">
    <subfield code="a">sin medio</subfield>
  </datafield>
  <datafield tag="338" ind1=" " ind2=" ">
    <subfield code="a">volumen</subfield>
  </datafield>
  <datafield tag="500" ind1=" " ind2=" ">
    <subfield code="a">El ej. 4 es reimpresi&#xF3;n del 2001</subfield>
  </datafield>
  <datafield tag="504" ind1=" " ind2=" ">
    <subfield code="a">Incluye: &#xCD;ndice general pp.305-314</subfield>
  </datafield>
  <datafield tag="505" ind1="1" ind2=" ">
    <subfield code="a">Los modos precapitalistas de producci&#xF3;n
La producci&#xF3;n mercantil. La mercanc&#xED;a y el dinero
Capital y plusvalia. El salario en el capitalismo
La acumulaci&#xF3;n del capital y el empeoramiento de la situaci&#xF3;n del proletariado
La transformaci&#xF3;n de la plusvalia en ganancia y su distribuci&#xF3;n entre los distintos grupos de explotadores
La producci&#xF3;n del capital social y las crisis econ&#xF3;micas
Los principales rasgos econ&#xF3;micos del imperialismo
El lugar hist&#xF3;rico del imperialismo. La crisis general del capitalismo mundial
Surgimiento y formaci&#xF3;n del socialismo
Las fuerzas productivas y las relaciones de producci&#xF3;n de la sociedad socialista
El desarrollo arm&#xF3;nico de la econom&#xED;a nacional en el socialismo
El trabajo social y la productividad del trabajo en el socialismo
La producci&#xF3;n mercantil el dinero y el comercio en el socialismo
La autonom&#xED;a econ&#xF3;mica socialista y la rentabilidad en el costo de producci&#xF3;n y el precio
La reproducci&#xF3;n socialista La renta nacional y el sistema de cr&#xE9;dito y finanzas en el socialismo</subfield>
  </datafield>
  <datafield tag="519" ind1=" " ind2=" ">
    <subfield code="a">Plan Flexible</subfield>
    <subfield code="b">Relaciones Internacionales / </subfield>
    <subfield code="c">Econom&#xED;a Pol&#xED;tica Internacional (B14-11) / </subfield>
    <subfield code="d">(01 012528)</subfield>
  </datafield>
  <datafield tag="650" ind1="1" ind2="4">
    <subfield code="a">ECONOM&#xCD;A POL&#xCD;TICA MARXISTA</subfield>
    <subfield code="9">10265</subfield>
  </datafield>
  <datafield tag="942" ind1=" " ind2=" ">
    <subfield code="2">ddc</subfield>
    <subfield code="c">LB</subfield>
  </datafield>
  <datafield tag="952" ind1=" " ind2=" ">
    <subfield code="0">0</subfield>
    <subfield code="1">0</subfield>
    <subfield code="2">ddc</subfield>
    <subfield code="4">0</subfield>
    <subfield code="7">0</subfield>
    <subfield code="a">01</subfield>
    <subfield code="b">01</subfield>
    <subfield code="d">2010-09-15</subfield>
    <subfield code="l">4</subfield>
    <subfield code="m">1</subfield>
    <subfield code="o">335.41 N692e 2008</subfield>
    <subfield code="p">01 012294</subfield>
    <subfield code="r">2019-01-16</subfield>
    <subfield code="s">2019-01-16</subfield>
    <subfield code="t">1</subfield>
    <subfield code="w">2012-06-24</subfield>
    <subfield code="y">LB</subfield>
  </datafield>
  <datafield tag="952" ind1=" " ind2=" ">
    <subfield code="0">0</subfield>
    <subfield code="1">0</subfield>
    <subfield code="2">ddc</subfield>
    <subfield code="4">0</subfield>
    <subfield code="7">0</subfield>
    <subfield code="a">01</subfield>
    <subfield code="b">01</subfield>
    <subfield code="d">2010-09-15</subfield>
    <subfield code="l">0</subfield>
    <subfield code="o">335.41 N692e 2008</subfield>
    <subfield code="p">01 012295</subfield>
    <subfield code="r">2012-06-24</subfield>
    <subfield code="t">2</subfield>
    <subfield code="w">2012-06-24</subfield>
    <subfield code="y">LB</subfield>
  </datafield>
  <datafield tag="952" ind1=" " ind2=" ">
    <subfield code="0">0</subfield>
    <subfield code="1">0</subfield>
    <subfield code="2">ddc</subfield>
    <subfield code="4">0</subfield>
    <subfield code="7">0</subfield>
    <subfield code="a">22</subfield>
    <subfield code="b">22</subfield>
    <subfield code="d">2010-09-15</subfield>
    <subfield code="l">0</subfield>
    <subfield code="o">335.41 N692e 2008</subfield>
    <subfield code="p">01 012296</subfield>
    <subfield code="r">2012-06-24</subfield>
    <subfield code="t">3</subfield>
    <subfield code="w">2012-06-24</subfield>
    <subfield code="y">LB</subfield>
  </datafield>
  <datafield tag="952" ind1=" " ind2=" ">
    <subfield code="0">0</subfield>
    <subfield code="1">0</subfield>
    <subfield code="2">ddc</subfield>
    <subfield code="4">0</subfield>
    <subfield code="7">0</subfield>
    <subfield code="a">22</subfield>
    <subfield code="b">22</subfield>
    <subfield code="d">2011-02-19</subfield>
    <subfield code="l">1</subfield>
    <subfield code="o">335.41 N692e 2008</subfield>
    <subfield code="p">01 012528</subfield>
    <subfield code="r">2016-06-20</subfield>
    <subfield code="s">2016-06-10</subfield>
    <subfield code="t">4</subfield>
    <subfield code="w">2012-06-24</subfield>
    <subfield code="y">LB</subfield>
  </datafield>
  <datafield tag="999" ind1=" " ind2=" ">
    <subfield code="c">61164</subfield>
    <subfield code="d">61164</subfield>
  </datafield>
</record>
